|
|
|
|
| LEADER |
00000nam0a2200000 4500 |
| 001 |
292062 |
| 005 |
20231102000446.0 |
| 020 |
|
|
|a RU
|b 84-826
|
| 035 |
|
|
|a (RuTPU)RU\TPU\book\316675
|
| 090 |
|
|
|a 292062
|
| 100 |
|
|
|a 20150420d1983 km y0rusy5003 ca
|
| 101 |
0 |
|
|a rus
|
| 102 |
|
|
|a RU
|
| 105 |
|
|
|a a z 001zy
|
| 200 |
1 |
|
|a Вероятностные измерительно-вычислительные устройства
|f Т. М. Алиев, Г. С. Тер-Исраелов, А. А. Тер-Хачатуров
|
| 210 |
|
|
|a Москва
|c Энергоатомиздат
|d 1983
|
| 215 |
|
|
|a 168 с.
|c ил.
|
| 320 |
|
|
|a Библиогр.: с. 164-167
|
| 606 |
1 |
|
|a Измерительные информационные системы
|2 stltpush
|3 (RuTPU)RU\TPU\subj\68091
|9 83629
|
| 610 |
1 |
|
|a статистические методы
|
| 610 |
1 |
|
|a теория вероятностей
|
| 610 |
1 |
|
|a метод Монте-Карло
|
| 610 |
1 |
|
|a случайные последовательности
|
| 610 |
1 |
|
|a генераторы
|
| 610 |
1 |
|
|a погрешности
|
| 610 |
1 |
|
|a интеграторы
|
| 610 |
1 |
|
|a аналого-цифровые корреляторы
|
| 675 |
|
|
|a 681.518.3
|z rus
|v 3
|
| 700 |
|
1 |
|a Алиев
|b Т. М.
|g Тофик Мамедович
|4 070
|
| 701 |
|
1 |
|a Тер-Исраелов
|b Г. С.
|g Григорий Сергеевич
|
| 701 |
|
1 |
|a Тер-Хачатуров
|b А. А.
|g Аркадий Амбарцумович
|
| 801 |
|
0 |
|a RU
|b RuMRKP
|c 19950704
|g psbo
|
| 801 |
|
1 |
|a RU
|b 63413507
|c 20150420
|
| 801 |
|
2 |
|a RU
|b 63413507
|c 20181116
|g RCR
|
| 942 |
|
|
|c BK
|